000 00479nam a2200193 a 4500
001 537
003 CO-ViMGA
008 141112s2004 ck r 000 u spa d
040 _aCO-ViMGA
_bspa
_cCO-ViMGA
082 0 4 _a813.54 W457t
100 1 _aWilson, Eric
245 1 0 _aTerror en Winnipeg /
_cEric Wilson
250 _a15a
260 _aMadrid :
_bS.M,
_c1995
300 _a162 p
490 _aEl barco de vapor, 16
650 1 4 _aCUENTOS CANADIENSES
_94928
942 _2ddc
_cBK
999 _c12778
_d12778